Conservation monitoring in freshwater habitats: (Registro nro. 7302)

Detalles MARC
000 -CABECERA
Campo de control 00852nam a22002417a 4500
005 - FECHA Y HORA DE LA ULTIMA TRANSACCION
Campo de control 20131019020003.0
008 - ELEMENTOS DE LONGITUD FIJA—INFORMACION GENERAL
Campo de control 130605b2010 ne il. | |||| 00| 0 eng d
020 ## - ISBN
ISBN 978-1-4020-9277-0
040 ## - FUENTE DE CATALOGACIÓN
Agencia transcriptora Instituto Humboldt
082 ## - NUMERO DE CLASIFICACION DECIMAL DEWEY
Número de clasificación 333.952
245 00 - MENCION DE TITULO
Título Conservation monitoring in freshwater habitats:
Parte restante del título Practical guide and case studies
Mención de responsabilidad Clive Hurford, Michael Scheider, Ian Cowx
260 ## - PUBLICACION, DISTRIBUCION, ETC. (PIE DE IMPRENTA)
Lugar de publicación, distribución, etc. Dordrecht;
-- London:
Nombre del editor, distribuidor, etc. Springer,
Fecha de publicación, distribución, etc. c2010
300 ## - DESCRIPCION FISICA
Extensión xv, 415 p.:
Otros detalles físicos il., mapas;
Dimensiones 25 cm.
504 ## - NOTA DE BIBLIOGRAFIA, ETC.
Nota de bibliografía Incluye referencias bibliográficas e índice.
650 #0 - ASIENTO SECUNDARIO DE MATERIA - TERMINO TEMATICO
Término temático o nombre geográfico como elemento de entrada Freshwater biodiversity conservation
650 #0 - ASIENTO SECUNDARIO DE MATERIA - TERMINO TEMATICO
Término temático o nombre geográfico como elemento de entrada Environmental monitoring
700 1# - ASIENTO SECUNDARIO - NOMBRE PERSONAL
Nombre personal Hurford, Clive
700 1# - ASIENTO SECUNDARIO - NOMBRE PERSONAL
Nombre personal Schneider, Michael,
Fechas asociadas con el nombre 1963-
700 1# - ASIENTO SECUNDARIO - NOMBRE PERSONAL
Nombre personal Cowx, I. G. (Ian G.
942 ## - ELEMENTOS ADICIONALES (KOHA)
Sistema de clasificación Dewey Decimal Classification
Tipo de ítem
Koha issues (borrowed), all copies 1
Existencias
Withdrawn status Lost status Sistema de Clasificación Damaged status No para préstamo Colección Inventariado Ubicación Permanente Ubicación actual Control de visualización Fecha de adquisición Fuente de Valor Valor Inventory number Total Checkouts Total Renewals Número topográfico Inventario / Código de Barras Date last seen Date checked out Ejemplar Price effective from Tipo de material
    Dewey Decimal Classification     General Inventariado 2017 Bogotá Bogotá   05/06/2013 Instituto 39000.00 7302 2 1 LB 333.952 H963c 029648 05/01/2015 18/10/2013 Ej. 1 05/06/2013 Libro